000
00265nam a2200109Ia 4500
008
230411s9999 xx 000 0 und d
041
_a
eng
082
_a
EN/420/PAR/B02145
100
_a
Parkinson
_9
144850
245
_a
Key to Phonetic Symbols
999
_c
153371
_d
153371